[Event "9eme Open International de La Fere"]
[Site "La Fere (FRA)"]
[Date "2010.??.??"]
[Round "3.48"]
[White "Matschek, Norbert"]
[Black "Biellmann, Patrick"]
[Result "1-0"]
[WhiteElo "1683"]
[BlackElo "1200"]
[PlyCount "89"]
[EventDate "2010.??.??"]

1. e4 e5 2. Bc4 Bc5 3. Nf3 d6 4. O-O Nf6 5. d3 O-O 6. Bg5 Nbd7 7. Nbd2 c6 8.
Re1 Qb6 9. Qe2 h6 10. Bh4 Re8 11. Bb3 Qc7 12. Nf1 b5 13. Ne3 Bxe3 14. Qxe3 d5
15. h3 Bb7 16. g4 Qd6 17. g5 Nh5 18. Kh2 Nf4 19. Rg1 Re6 20. Rg4 h5 21. Rgg1
Nf8 22. Bg3 N8g6 23. Nh4 Nxh4 24. Bxh4 Rg6 25. a4 b4 26. Qf3 Qd7 27. exd5 cxd5
28. d4 Qd6 29. dxe5 Qxe5 30. Bg3 Qe4 31. Qxe4 dxe4 32. Bxf4 Kh7 33. Bxf7 Rc6
34. Bd5 Rxc2 35. Bxb7 Rxf2+ 36. Rg2 Rxg2+ 37. Kxg2 Re8 38. Re1 Rf8 39. Rxe4 Rf5
40. Rxb4 a5 41. Be4 g6 42. Rb7+ Kg8 43. Bxf5 gxf5 44. Bd6 h4 45. Kf3 1-0

[Event "9eme Open International de La Fere"]
[Site "La Fere (FRA)"]
[Date "2010.??.??"]
[Round "3.49"]
[White "Herman, Jose"]
[Black "Chevance, Gerard"]
[Result "1-0"]
[WhiteElo "1640"]
[BlackElo "1677"]
[PlyCount "76"]
[EventDate "2010.??.??"]

1. d4 d5 2. c4 e6 3. Nc3 Nf6 4. Bg5 Be7 5. e3 c6 6. Nf3 O-O 7. cxd5 exd5 8. Bd3
Nbd7 9. O-O h6 10. Bh4 Re8 11. Qc2 Nf8 12. Ne5 Bd6 13. f4 Be7 14. a3 Ng4 15.
Bxe7 Qxe7 16. Rf3 Nxe5 17. fxe5 Be6 18. Raf1 Rac8 19. b4 b6 20. Qd2 Nd7 21. Rg3
f6 22. e4 Kh8 23. exf6 Nxf6 24. e5 Nh7 25. Rgf3 Rf8 26. Bxh7 Kxh7 27. Qd3+ Kg8
28. Qg6 Rxf3 29. Rxf3 Rf8 30. Rg3 Kh8 31. h3 Qd7 32. Qd3 Rf4 33. Ne2 Bf5 34.
Qd2 Re4 35. Nc3 Rh4 36. Qf2 Qe6 37. Ne2 Be4 38. Rxg7 Kxg7 1-0

[Event "9eme Open International de La Fere"]
[Site "La Fere (FRA)"]
[Date "2010.??.??"]
[Round "3.50"]
[White "Van Foreest, Lucas"]
[Black "Sogny, Richard"]
[Result "1-0"]
[WhiteElo "1641"]
[BlackElo "1640"]
[PlyCount "83"]
[EventDate "2010.??.??"]

1. e4 e6 2. d4 d5 3. exd5 exd5 4. Nf3 Nf6 5. Bd3 Bd6 6. O-O O-O 7. Nc3 c6 8. h3
Be6 9. Re1 Bc7 10. Be3 Nbd7 11. Qd2 Ba5 12. Ng5 Ne4 13. Bxe4 dxe4 14. Ngxe4 Bf5
15. Nd6 Bg6 16. Nxb7 Bxc3 17. Qxc3 Qc7 18. Nc5 Nxc5 19. Qxc5 Qb6 20. Qxb6 axb6
21. c3 Rfd8 22. Red1 h6 23. b3 Rd7 24. Rd2 b5 25. c4 bxc4 26. bxc4 f6 27. a4
Rda7 28. d5 Rxa4 29. Rxa4 Rxa4 30. d6 Bf5 31. d7 Bxd7 32. Rxd7 Rxc4 33. Kf1 Re4
34. Rc7 Re6 35. Ke2 Kh7 36. g4 Kg8 37. f4 g5 38. f5 Re8 39. Rxc6 Kf7 40. Rc7+
Re7 41. Rxe7+ Kxe7 42. Kd3 1-0

[Event "9eme Open International de La Fere"]
[Site "La Fere (FRA)"]
[Date "2010.??.??"]
[Round "3.51"]
[White "Meuriot, Philippe"]
[Black "Baret, Benoit"]
[Result "1-0"]
[WhiteElo "1561"]
[BlackElo "1550"]
[PlyCount "45"]
[EventDate "2010.??.??"]

1. e4 d5 2. exd5 Qxd5 3. Nc3 Qa5 4. d4 e5 5. Nf3 Bg4 6. Be2 Nc6 7. dxe5 Bb4 8.
Bd2 O-O-O 9. O-O Bxf3 10. Bxf3 Nxe5 11. Be2 Nf6 12. a3 Be7 13. b4 Qb6 14. Qe1
c6 15. Be3 Qc7 16. g3 Kb8 17. Na4 Qd7 18. Bf4 Bd6 19. Nc5 Qh3 20. f3 h6 21. Rf2
g5 22. Bf1 Qh5 23. Bxe5 1-0

[Event "9eme Open International de La Fere"]
[Site "La Fere (FRA)"]
[Date "2010.??.??"]
[Round "3.53"]
[White "Degraeve, Remy"]
[Black "Rouffignac, Marie"]
[Result "0-1"]
[WhiteElo "1320"]
[BlackElo "1537"]
[PlyCount "66"]
[EventDate "2010.??.??"]

1. e4 e5 2. Nf3 Nc6 3. Bc4 Bc5 4. O-O Nf6 5. d3 d6 6. h3 Be6 7. Bb3 Qd7 8. Be3
O-O-O 9. Bxc5 dxc5 10. Ba4 Qd6 11. c3 Nd7 12. Nbd2 Qxd3 13. Bc2 Qd6 14. Ng5 f6
15. Nxe6 Qxe6 16. Bb3 Qd6 17. Qc2 Nf8 18. Nc4 Qd3 19. Rad1 Qxc2 20. Bxc2 Ne6
21. Rxd8+ Rxd8 22. Bb3 Nf4 23. Ne3 Ne7 24. Be6+ Nxe6 25. Nc4 Nf4 26. Re1 Nd3
27. Rd1 b5 28. Ne3 Nxb2 29. Rb1 Nc4 30. Nc2 a6 31. Kf1 Nd2+ 32. Kg1 Nxb1 33.
Ne3 Nxc3 0-1

[Event "9eme Open International de La Fere"]
[Site "La Fere (FRA)"]
[Date "2010.??.??"]
[Round "3.56"]
[White "Pottier, Philippe"]
[Black "Boulnois, Boris"]
[Result "1-0"]
[WhiteElo "1480"]
[BlackElo "1300"]
[PlyCount "29"]
[EventDate "2010.??.??"]

1. f4 Nc6 2. Nf3 e6 3. e3 Nf6 4. Bb5 a6 5. Bxc6 dxc6 6. b3 Bc5 7. Ne5 O-O 8.
O-O h6 9. Qe1 Nd7 10. Bb2 Nxe5 11. Bxe5 Qe7 12. d3 Ba3 13. Nxa3 Qxa3 14. Qg3
Re8 15. Qxg7# 1-0

[Event "9eme Open International de La Fere"]
[Site "La Fere (FRA)"]
[Date "2010.??.??"]
[Round "3.58"]
[White "Agneray, Camille"]
[Black "Lepere, Rodrigue"]
[Result "1-0"]
[WhiteElo "1420"]
[BlackElo "1250"]
[PlyCount "77"]
[EventDate "2010.??.??"]

1. e4 e6 2. Nc3 c5 3. Bc4 a6 4. a4 Nc6 5. Nf3 b6 6. d4 Bb7 7. O-O g6 8. d5 exd5
9. Qxd5 Qe7 10. Ng5 Nh6 11. Re1 Bg7 12. Nf3 d6 13. Qd3 O-O 14. Nd5 Qd8 15. Bg5
f6 16. Nxb6+ Nf7 17. Nxa8 Bxa8 18. Bd2 Kh8 19. Bxa6 Nb4 20. Bxb4 cxb4 21. Qb5
Re8 22. Qxb4 f5 23. Rad1 fxe4 24. Bb7 exf3 25. gxf3 Qb8 26. Rxe8+ Qxe8 27. Bxa8
Qxa8 28. Rd3 h5 29. Kg2 Bf8 30. Qf4 Kg7 31. Rc3 Qb8 32. b3 Qd8 33. h4 g5 34.
Qd4+ Ne5 35. f4 gxf4 36. Qxf4 Be7 37. Rg3+ Kh7 38. Qf5+ Kh8 39. Qxh5# 1-0

[Event "9eme Open International de La Fere"]
[Site "La Fere (FRA)"]
[Date "2010.07.05"]
[Round "4.1"]
[White "Romanov, Evgeny"]
[Black "Degraeve, Jean-Marc"]
[Result "1-0"]
[WhiteElo "2590"]
[BlackElo "2569"]
[PlyCount "99"]
[EventDate "2010.??.??"]

1. c4 e5 2. g3 Nf6 3. Bg2 c6 4. d4 Bb4+ 5. Bd2 Bxd2+ 6. Qxd2 d6 7. Nc3 O-O 8.
e3 Be6 9. d5 cxd5 10. cxd5 Bd7 11. Nge2 a5 12. O-O Na6 13. a3 b5 14. Na2 Qb6
15. b4 axb4 16. axb4 Rfc8 17. Rfc1 Rxc1+ 18. Naxc1 Nc7 19. Nb3 e4 20. Nc3 Rxa1+
21. Nxa1 Bf5 22. Nc2 Qb7 23. Nd4 Bg6 24. Bf1 Nfxd5 25. Nxd5 Qxd5 26. Qc3 Qb7
27. Nxb5 Nxb5 28. Bxb5 f5 29. Qc6 Qb8 30. Qd7 Bf7 31. Qxf5 d5 32. Qd7 Qf8 33.
Bc6 Qxb4 34. Bxd5 Bxd5 35. Qxd5+ Kf8 36. Kg2 h6 37. Kh3 Qb1 38. Kg4 Qc2 39.
Qf5+ Kg8 40. Kh5 Qc6 41. h4 Qc4 42. g4 Qa4 43. Qd5+ Kh7 44. g5 Qe8+ 45. Kg4
hxg5 46. hxg5 g6 47. Qd6 Qf7 48. Qf6 Qc7 49. Qe6 Qc2 50. Qf7+ 1-0

[Event "9eme Open International de La Fere"]
[Site "La Fere (FRA)"]
[Date "2010.07.05"]
[Round "4.3"]
[White "Laurent, Bruno"]
[Black "Pisk, Petr"]
[Result "1/2-1/2"]
[WhiteElo "2336"]
[BlackElo "2337"]
[PlyCount "48"]
[EventDate "2010.??.??"]

1. e4 c5 2. Nf3 d6 3. c3 Nf6 4. h3 g6 5. Bd3 Bg7 6. Bc2 O-O 7. d4 d5 8. e5 Ne4
9. O-O Nc6 10. Re1 cxd4 11. cxd4 Nb4 12. Bb3 Bf5 13. a3 Nc6 14. Be3 Rc8 15. Nh4
e6 16. Nxf5 gxf5 17. f3 Ng3 18. Nc3 f4 19. Bxf4 Nf5 20. Kh2 Nfxd4 21. Ba2 f6
22. exf6 Qxf6 23. Bb1 Rce8 24. Bd3 Qh6 1/2-1/2

[Event "9eme Open International de La Fere"]
[Site "La Fere (FRA)"]
[Date "2010.07.05"]
[Round "4.4"]
[White "Bardoux, Thierry"]
[Black "Henris, Luc"]
[Result "0-1"]
[WhiteElo "2169"]
[BlackElo "2213"]
[PlyCount "42"]
[EventDate "2010.??.??"]

1. d4 d5 2. Nf3 Nc6 3. Bf4 Bg4 4. c4 e6 5. Nc3 Nf6 6. e3 Bb4 7. Qb3 Bxf3 8.
gxf3 dxc4 9. Bxc4 Nd5 10. Bxd5 exd5 11. O-O-O Bxc3 12. Qxc3 O-O 13. h4 Re8 14.
Kb1 Re6 15. h5 Qd7 16. Rhg1 a5 17. Rg2 Nb4 18. b3 Rc6 19. Qd2 Rc2 20. Qxc2 Nxc2
21. Kxc2 a4 0-1

[Event "9eme Open International de La Fere"]
[Site "La Fere (FRA)"]
[Date "2010.07.05"]
[Round "4.5"]
[White "Piankov, Evgenij"]
[Black "Mataigne, Jean-Michel"]
[Result "1-0"]
[WhiteElo "2324"]
[BlackElo "2054"]
[PlyCount "61"]
[EventDate "2010.??.??"]

1. d4 Nf6 2. Nf3 g6 3. g3 Bg7 4. Bg2 O-O 5. O-O d6 6. Re1 Na6 7. e4 c5 8. d5
Nc7 9. a4 e6 10. c4 exd5 11. exd5 Re8 12. Nc3 Bf5 13. Rxe8+ Ncxe8 14. h3 Ne4
15. Ne2 h5 16. Nh4 Qf6 17. Nf4 Ng5 18. Nxf5 Qxf5 19. h4 Ne4 20. Bh3 Qe5 21. Ra3
N8f6 22. Re3 Qd4 23. Qc2 Bh6 24. Rd3 Qe5 25. Nxg6 fxg6 26. Bxh6 Ng4 27. Bf4 Qf6
28. Bxg4 hxg4 29. Re3 g5 30. Rxe4 gxf4 31. Rxf4 1-0

[Event "9eme Open International de La Fere"]
[Site "La Fere (FRA)"]
[Date "2010.07.05"]
[Round "4.6"]
[White "Forthofer, Robert"]
[Black "Mestdagh, Franck"]
[Result "1-0"]
[WhiteElo "2303"]
[BlackElo "1944"]
[PlyCount "55"]
[EventDate "2010.??.??"]

1. d4 c5 2. d5 Nf6 3. c4 b5 4. Nf3 g6 5. d6 exd6 6. Nc3 bxc4 7. e4 Bb7 8. Bxc4
Qb6 9. Ng5 Bg7 10. Bxf7+ Kd8 11. O-O Nc6 12. Qxd6 Nd4 13. Qxb6+ axb6 14. e5 Ng4
15. f4 Ba6 16. Rd1 Ra7 17. Bd5 Ke8 18. Be4 Bc4 19. h3 Nh6 20. Be3 Nhf5 21. Bf2
Be2 22. Re1 Bc4 23. Rad1 h6 24. Nf3 Nd6 25. b3 Ba6 26. g4 Nxf3+ 27. Kg2 Ng5 28.
f5 1-0

[Event "9eme Open International de La Fere"]
[Site "La Fere (FRA)"]
[Date "2010.07.05"]
[Round "4.7"]
[White "Thomas, Olivier"]
[Black "Fomichenko, Svetlana"]
[Result "1/2-1/2"]
[WhiteElo "2060"]
[BlackElo "2217"]
[PlyCount "91"]
[EventDate "2010.??.??"]

1. e4 c5 2. Nc3 Nc6 3. f4 g6 4. Nf3 Bg7 5. Bc4 e6 6. f5 Nge7 7. fxe6 dxe6 8. d3
O-O 9. O-O Na5 10. Bb3 b6 11. Bg5 h6 12. Be3 Nec6 13. Qd2 Kh7 14. e5 Nxb3 15.
axb3 Nxe5 16. Nxe5 Bxe5 17. Bxh6 Bxh2+ 18. Kxh2 Qh4+ 19. Kg1 Qxh6 20. Qf2 Bb7
21. Ra4 g5 22. Qg3 f5 23. Qd6 Qf6 24. Nb5 Rad8 25. Qh2+ Kg6 26. Rxa7 Rd7 27.
Re1 Rh8 28. Qe5 Qxe5 29. Rxe5 Kf6 30. Re2 g4 31. Kf2 f4 32. Nd6 g3+ 33. Ke1
Rh1+ 34. Kd2 Rxd6 35. Rxb7 e5 36. Rb8 Re6 37. Rf8+ Ke7 38. Rf5 Kd7 39. Kc3 Rh2
40. Kc4 Kd6 41. b4 cxb4 42. Kxb4 Rh4 43. d4 f3 44. Rxf3 Rxd4+ 45. Kc3 Rg4 46.
Rfe3 1/2-1/2

[Event "9eme Open International de La Fere"]
[Site "La Fere (FRA)"]
[Date "2010.07.05"]
[Round "4.8"]
[White "Ben Porat, Zeev"]
[Black "Dal Borgo, Albin"]
[Result "0-1"]
[WhiteElo "1956"]
[BlackElo "2204"]
[PlyCount "72"]
[EventDate "2010.??.??"]

1. e4 e5 2. Nf3 Nc6 3. Bb5 a6 4. Ba4 Nf6 5. O-O Be7 6. Re1 b5 7. Bb3 d6 8. c3
O-O 9. d4 Bg4 10. d5 Na5 11. Nbd2 Nxb3 12. axb3 c6 13. dxc6 Qc7 14. h3 Bc8 15.
Nf1 Qxc6 16. Ng3 Re8 17. Bg5 h6 18. Bxf6 Bxf6 19. Qd2 Be6 20. Nh5 Be7 21. b4
Kh7 22. g4 g6 23. Ng3 Rad8 24. Qe3 Bf8 25. Kh2 Bg7 26. Ra5 Bc8 27. Rd1 Bb7 28.
Rd5 Qc7 29. Qd2 Bf8 30. Nf1 Qc4 31. Ng3 Bxd5 32. Qxd5 Qxd5 33. exd5 Ra8 34. Nd2
Rec8 35. Nde4 Be7 36. Kg2 Rf8 0-1

[Event "9eme Open International de La Fere"]
[Site "La Fere (FRA)"]
[Date "2010.07.05"]
[Round "4.9"]
[White "Defrance, Laurent"]
[Black "Jimenez, Martin"]
[Result "1-0"]
[WhiteElo "2190"]
[BlackElo "1849"]
[PlyCount "31"]
[EventDate "2010.??.??"]

1. d4 d5 2. c4 c6 3. cxd5 cxd5 4. Nf3 Nf6 5. Nc3 Nc6 6. Bf4 a6 7. e3 Bf5 8. Rc1
e6 9. Qb3 Qd7 10. Be2 Nh5 11. Ne5 Nxe5 12. Bxe5 Nf6 13. Na4 Rc8 14. O-O Rc6 15.
Nb6 Qd8 16. Rxc6 1-0

[Event "9eme Open International de La Fere"]
[Site "La Fere (FRA)"]
[Date "2010.07.05"]
[Round "4.12"]
[White "Billon, Olivier"]
[Black "Koechler, Thomas"]
[Result "1-0"]
[WhiteElo "2129"]
[BlackElo "1299"]
[PlyCount "53"]
[EventDate "2010.??.??"]

1. e4 e5 2. Nf3 Nf6 3. Bb5 a6 4. Ba4 Nc6 5. O-O b5 6. Bb3 Bc5 7. c3 Nxe4 8. d4
exd4 9. cxd4 Bb6 10. Bd5 Nf6 11. Re1+ Kf8 12. Qb3 Nxd5 13. Qxd5 Bb7 14. Bg5 Qc8
15. Ne5 Nxe5 16. Qxe5 Qe8 17. Be7+ Kg8 18. d5 d6 19. Qf5 Qc8 20. Qh5 Qd7 21.
Nc3 b4 22. Bf6 gxf6 23. Ne4 Bd4 24. Rad1 Bxb2 25. Rd3 Be5 26. Qh6 f5 27. Rg3+
1-0

[Event "9eme Open International de La Fere"]
[Site "La Fere (FRA)"]
[Date "2010.07.05"]
[Round "4.14"]
[White "Pytel, Krzysztof"]
[Black "Navel, Jean-Yves"]
[Result "1-0"]
[WhiteElo "2360"]
[BlackElo "1776"]
[PlyCount "91"]
[EventDate "2010.??.??"]

1. d4 Nf6 2. Nf3 g6 3. c4 c5 4. Nc3 Bg7 5. e4 cxd4 6. Nxd4 d6 7. Be2 O-O 8. O-O
Nc6 9. Nc2 Be6 10. Bd2 Rc8 11. Rc1 Ne5 12. b3 a6 13. Nd4 Nc6 14. Nxe6 fxe6 15.
Be3 Qa5 16. Qd2 Rfd8 17. f3 Nd7 18. Rfd1 Rf8 19. Na4 Qxd2 20. Rxd2 b6 21. c5
Nce5 22. f4 Nf7 23. Bg4 bxc5 24. Nxc5 dxc5 25. Bxe6 Rc6 26. Bd5 Rc7 27. Rxc5
Rfc8 28. Rxc7 Rxc7 29. Bb6 Rc1+ 30. Kf2 Bc3 31. Re2 Kg7 32. Bb7 a5 33. e5 g5
34. g3 Bb4 35. Be4 gxf4 36. gxf4 h5 37. Be3 Rc7 38. Rc2 Rxc2+ 39. Bxc2 Nh6 40.
h3 Nf7 41. Bb6 e6 42. Ke3 Nh8 43. Bd1 Kh6 44. Ke4 Ng6 45. Be3 Kg7 46. Bxh5 1-0

[Event "9eme Open International de La Fere"]
[Site "La Fere (FRA)"]
[Date "2010.07.05"]
[Round "4.16"]
[White "Vernadet, Cyril"]
[Black "Feryn, Benjamin"]
[Result "0-1"]
[WhiteElo "1750"]
[BlackElo "2034"]
[PlyCount "40"]
[EventDate "2010.??.??"]

1. e4 e5 2. Nc3 Nf6 3. Nf3 Nc6 4. Bc4 Bc5 5. d3 d6 6. O-O Bg4 7. Be3 Nd4 8.
Bxd4 Bxd4 9. Nd5 Nxd5 10. Bxd5 c6 11. Bb3 Bxb2 12. Rb1 Bd4 13. h3 h5 14. hxg4
hxg4 15. g3 Qf6 16. Nh4 Rxh4 17. Bxf7+ Kxf7 18. Rxb7+ Kg6 19. gxh4 Qxh4 20. Rd7
Qg3+ 0-1

[Event "9eme Open International de La Fere"]
[Site "La Fere (FRA)"]
[Date "2010.07.05"]
[Round "4.17"]
[White "Waquet, Frederic"]
[Black "Durot, Edwige"]
[Result "1-0"]
[WhiteElo "1976"]
[BlackElo "1721"]
[PlyCount "71"]
[EventDate "2010.??.??"]

1. e4 c5 2. Nf3 e6 3. d3 Nc6 4. g3 d6 5. Bg2 Nf6 6. O-O Qc7 7. Re1 Be7 8. Nbd2
O-O 9. c3 Ne5 10. Qe2 Bd7 11. Nf1 Bc6 12. Nxe5 dxe5 13. f4 exf4 14. Bxf4 e5 15.
Bg5 h6 16. Be3 b6 17. g4 Nh7 18. Ng3 Bg5 19. Nf5 Bd7 20. h4 Bxe3+ 21. Qxe3 Bxf5
22. exf5 Rae8 23. g5 hxg5 24. hxg5 Qe7 25. g6 Nf6 26. Rf1 Rd8 27. Rae1 Rfe8 28.
Bc6 Rf8 29. Qh3 Qd6 30. Be4 Rfe8 31. Re2 Kf8 32. Qh8+ Ng8 33. f6 gxf6 34. gxf7
Kxf7 35. Qh7+ Kf8 36. Rg2 1-0

[Event "9eme Open International de La Fere"]
[Site "La Fere (FRA)"]
[Date "2010.07.05"]
[Round "4.18"]
[White "Meunier, Samuel"]
[Black "Dernoncourt, Christophe"]
[Result "1/2-1/2"]
[WhiteElo "1944"]
[BlackElo "1706"]
[PlyCount "54"]
[EventDate "2010.??.??"]

1. e4 e5 2. Nf3 Nc6 3. d4 exd4 4. Nxd4 Nge7 5. Bg5 h6 6. Bh4 g5 7. Bg3 Bg7 8.
c3 a6 9. Bc4 d6 10. O-O Nxd4 11. cxd4 Nc6 12. e5 dxe5 13. Qh5 Qe7 14. Nc3 Na5
15. Bd3 Be6 16. d5 O-O-O 17. Qe2 Bxd5 18. Bxa6 Qc5 19. Nxd5 Rxd5 20. Bd3 Nc6
21. Rfc1 Qd6 22. Be4 Rc5 23. Bxc6 Qxc6 24. Rxc5 Qxc5 25. Qg4+ Kb8 26. Qd7 Rf8
27. h4 Qd6 1/2-1/2

[Event "9eme Open International de La Fere"]
[Site "La Fere (FRA)"]
[Date "2010.07.05"]
[Round "4.19"]
[White "Van Poucke, Philippe"]
[Black "Rigolot, Lucie"]
[Result "0-1"]
[WhiteElo "1730"]
[BlackElo "1902"]
[PlyCount "76"]
[EventDate "2010.??.??"]

1. e4 c5 2. Nc3 a6 3. b3 Nc6 4. Nf3 d6 5. Bb2 Nf6 6. d4 cxd4 7. Nxd4 e6 8. Be2
Be7 9. O-O O-O 10. Nxc6 bxc6 11. Bf3 Bb7 12. Ne2 Qc7 13. Ng3 Nd7 14. Nh5 g6 15.
Ng3 Bf6 16. Bxf6 Nxf6 17. c4 Rfd8 18. Qd4 Nd7 19. h4 Ne5 20. Qe3 Qe7 21. h5 g5
22. Be2 Kh8 23. f4 gxf4 24. Rxf4 Rg8 25. Rf2 Qh4 26. Nh1 Rg7 27. g3 Rag8 28.
Rg2 Qe7 29. Qf4 c5 30. Rf1 f5 31. exf5 exf5 32. Nf2 Bxg2 33. Kxg2 Rxg3+ 34. Kh2
R3g5 35. Kh1 Ng4 36. Bxg4 Rxg4 37. Qf3 Qg5 38. Qc3+ Qg7 0-1

[Event "9eme Open International de La Fere"]
[Site "La Fere (FRA)"]
[Date "2010.07.05"]
[Round "4.20"]
[White "Huyet, Yannick"]
[Black "Dumas, Victor"]
[Result "0-1"]
[WhiteElo "1700"]
[BlackElo "1865"]
[PlyCount "30"]
[EventDate "2010.??.??"]

1. e4 e5 2. Nf3 f5 3. Nxe5 Qf6 4. d4 d6 5. Nf3 fxe4 6. Qe2 d5 7. Bg5 Qg6 8.
Nbd2 Be6 9. Qb5+ Nd7 10. Ne5 Qxg5 11. Nxd7 Bxd7 12. Qxb7 Rc8 13. O-O-O Nf6 14.
h3 Bd6 15. Qxa7 O-O 0-1

[Event "9eme Open International de La Fere"]
[Site "La Fere (FRA)"]
[Date "2010.07.05"]
[Round "4.21"]
[White "Eeckhout, Jean-Louis"]
[Black "Daniel, Antoine"]
[Result "1/2-1/2"]
[WhiteElo "1713"]
[BlackElo "1863"]
[PlyCount "69"]
[EventDate "2010.??.??"]

1. d4 Nf6 2. c4 g6 3. Nc3 d5 4. cxd5 Nxd5 5. e4 Nxc3 6. bxc3 c5 7. Bc4 Bg7 8.
Be3 Nc6 9. Ne2 cxd4 10. Nxd4 Bd7 11. Qd2 Qa5 12. O-O Rc8 13. Rfc1 Nxd4 14. Bxd4
Rxc4 15. Bxg7 Rg8 16. Bh6 Rxe4 17. Rd1 Bc6 18. Rab1 Qc7 19. Rb4 Rxb4 20. cxb4
g5 21. Qc3 Qc8 22. b5 Bd7 23. Qxc8+ Bxc8 24. Rc1 Bd7 25. h4 f6 26. hxg5 fxg5
27. Rc5 g4 28. Re5 Rg6 29. Be3 b6 30. a4 Re6 31. Rg5 Re4 32. Rg8+ Kf7 33. Ra8
Rxa4 34. Bxb6 Bxb5 35. Rxa7 1/2-1/2

[Event "9eme Open International de La Fere"]
[Site "La Fere (FRA)"]
[Date "2010.07.05"]
[Round "4.22"]
[White "Azzouz, Belkhelfa"]
[Black "Matschek, Norbert"]
[Result "1/2-1/2"]
[WhiteElo "1841"]
[BlackElo "1683"]
[PlyCount "74"]
[EventDate "2010.??.??"]

1. e4 g6 2. d4 Bg7 3. f4 d6 4. Nf3 Bg4 5. Bc4 Bxf3 6. gxf3 e6 7. c3 d5 8. Bd3
c6 9. Be3 Qh4+ 10. Ke2 Nf6 11. Qg1 dxe4 12. fxe4 Qh5+ 13. Kd2 Qf3 14. e5 Nd5
15. Na3 Nxf4 16. Rf1 Qg2+ 17. Qxg2 Nxg2 18. Nc4 O-O 19. Bg5 h6 20. Rhg1 hxg5
21. Rxg2 Nd7 22. Rgf2 f5 23. exf6 Nxf6 24. Bxg6 Nd5 25. Bf7+ Kh8 26. Bxe6 Rxf2+
27. Rxf2 Nf4 28. Bf5 Rd8 29. Kc2 b6 30. h4 Bh6 31. hxg5 Bxg5 32. Ne5 Kg7 33.
Nxc6 Re8 34. Ne5 Re7 35. Be4 Kf6 36. Bf3 Ke6 37. Ng6 Nxg6 1/2-1/2

[Event "9eme Open International de La Fere"]
[Site "La Fere (FRA)"]
[Date "2010.07.05"]
[Round "4.23"]
[White "Vernede, Victor"]
[Black "Molet, Asher"]
[Result "1/2-1/2"]
[WhiteElo "1671"]
[BlackElo "1830"]
[PlyCount "67"]
[EventDate "2010.??.??"]

1. c4 e6 2. Nc3 d5 3. g3 Nf6 4. Bg2 Be7 5. Nf3 O-O 6. O-O c6 7. cxd5 exd5 8. d4
Bd7 9. Ne5 Bf5 10. Qb3 Qc8 11. Bg5 Nbd7 12. e3 h6 13. Nxd7 Qxd7 14. Bxf6 Bxf6
15. Rac1 Rab8 16. Ne2 Bh3 17. Nf4 Bxg2 18. Nxg2 g6 19. Qa4 a6 20. Rc5 Qf5 21.
f3 Rbe8 22. Kf2 g5 23. g4 Qh7 24. Nh4 Be7 25. Qb3 Qg6 26. Rcc1 Bd6 27. h3 Kh8
28. Qc2 Re6 29. b3 Rfe8 30. Rfe1 Ba3 31. f4 Qxc2+ 32. Rxc2 Bd6 33. Rce2 Bb4 34.
Rc1 1/2-1/2

[Event "9eme Open International de La Fere"]
[Site "La Fere (FRA)"]
[Date "2010.07.05"]
[Round "4.24"]
[White "Lever, Erwan"]
[Black "Timmermans, Eric"]
[Result "0-1"]
[WhiteElo "1595"]
[BlackElo "1825"]
[PlyCount "68"]
[EventDate "2010.??.??"]

1. d4 Nf6 2. Nf3 c5 3. c3 d5 4. Bf4 c4 5. e3 Nh5 6. Bg3 g6 7. Nbd2 Nxg3 8. hxg3
Bg7 9. e4 e6 10. e5 Nc6 11. Be2 b5 12. a3 a5 13. b3 O-O 14. a4 Ba6 15. axb5
Bxb5 16. bxc4 dxc4 17. Bxc4 Bxc4 18. Nxc4 Qc7 19. Nfd2 Rfd8 20. f4 Ne7 21. Qb3
Nd5 22. Ne4 Rdc8 23. Ned6 Rcb8 24. Qc2 Bf8 25. Kd2 Ra6 26. Rhb1 Rxb1 27. Rxb1
Qc6 28. Rb7 a4 29. Rxf7 Bxd6 30. Nxd6 a3 31. Qa2 Qxc3+ 32. Ke2 Qb2+ 33. Qxb2
axb2 34. Rb7 Rb6 0-1

[Event "9eme Open International de La Fere"]
[Site "La Fere (FRA)"]
[Date "2010.07.05"]
[Round "4.25"]
[White "Biyidi, Thomas"]
[Black "Caloone, Thomas"]
[Result "0-1"]
[WhiteElo "1789"]
[BlackElo "1599"]
[PlyCount "110"]
[EventDate "2010.??.??"]

1. c4 e5 2. Nc3 Nf6 3. g3 Nc6 4. Bg2 Bc5 5. e3 O-O 6. Nge2 d6 7. O-O Be6 8. a3
Bxc4 9. b4 Bb6 10. d3 Be6 11. Bb2 Qd7 12. Bh1 Bg4 13. Qd2 d5 14. Na4 Qf5 15. f3
Bh3 16. Rfc1 Qg5 17. Nxb6 axb6 18. g4 d4 19. Ng3 h5 20. f4 dxe3 21. fxg5 exd2
22. Rxc6 bxc6 23. gxf6 Bxg4 24. fxg7 Rfd8 25. Ne4 d1=Q+ 26. Rxd1 Bxd1 27. Nf6+
Kxg7 28. Bxe5 Kf8 29. Bxc7 Rxd3 30. Bxb6 Bf3 31. Bc5+ Kg7 32. Bxf3 Rxf3 33.
Nxh5+ Kg6 34. Ng3 Raxa3 35. Kg2 Rfc3 36. Ne4 Rcb3 37. Be7 Rb2+ 38. Nf2 Rab3 39.
h4 Rxb4 40. Bxb4 Rxb4 41. Nd3 Rb5 42. Nf4+ Kf5 43. Nd3 Kg4 44. h5 Kxh5 45. Nf4+
Kg4 46. Nd3 f5 47. Nf2+ Kg5 48. Nh3+ Kh4 49. Nf4 Kg4 50. Nd3 f4 51. Kf2 f3 52.
Kg1 Kg3 53. Kf1 Rb1+ 54. Ne1 Rxe1+ 55. Kxe1 Kg2 0-1

[Event "9eme Open International de La Fere"]
[Site "La Fere (FRA)"]
[Date "2010.07.05"]
[Round "4.26"]
[White "Lebon, Joffrey"]
[Black "Biniaux, Michael"]
[Result "1-0"]
[WhiteElo "2026"]
[BlackElo "1772"]
[PlyCount "43"]
[EventDate "2010.??.??"]

1. e4 d5 2. exd5 Qxd5 3. Nc3 Qa5 4. Bc4 Nf6 5. d4 c6 6. Nf3 Bg4 7. h3 Bh5 8.
O-O e6 9. a3 Nbd7 10. Bf4 Bxf3 11. Qxf3 Qb6 12. Qd3 O-O-O 13. Bh2 e5 14. d5
cxd5 15. Nxd5 Nxd5 16. Bxd5 f6 17. b4 g6 18. c4 Kb8 19. c5 Nxc5 20. bxc5 Qxc5
21. Rfd1 Qa5 22. Qb3 1-0

[Event "9eme Open International de La Fere"]
[Site "La Fere (FRA)"]
[Date "2010.07.05"]
[Round "4.27"]
[White "Brobecker, Alain"]
[Black "Derigny, Philippe"]
[Result "0-1"]
[WhiteElo "1767"]
[BlackElo "1986"]
[PlyCount "66"]
[EventDate "2010.??.??"]

1. g3 d5 2. Bg2 e5 3. d3 c6 4. Nf3 Bd6 5. Nc3 h6 6. e4 d4 7. Ne2 c5 8. Nh4 Ne7
9. f4 Nbc6 10. Nf3 f6 11. f5 Bd7 12. Bd2 b5 13. a3 c4 14. O-O cxd3 15. cxd3 Rb8
16. b4 O-O 17. Nc1 Be8 18. Nb3 Bf7 19. Rc1 Qb6 20. Be1 Rfc8 21. Rf2 Nd8 22.
Rfc2 Rxc2 23. Qxc2 Rc8 24. Qb2 Rxc1 25. Nxc1 Nb7 26. Nb3 Nc6 27. Kf2 a5 28.
Nxa5 Nbxa5 29. bxa5 Nxa5 30. Bf1 Nc6 31. Be2 Qa6 32. Bb4 Nxb4 33. axb4 Qa4 0-1

[Event "9eme Open International de La Fere"]
[Site "La Fere (FRA)"]
[Date "2010.07.05"]
[Round "4.28"]
[White "Debevere, Francois-Xavier"]
[Black "Pytel, Bozena"]
[Result "0-1"]
[WhiteElo "1740"]
[BlackElo "1964"]
[PlyCount "56"]
[EventDate "2010.??.??"]

1. e4 e5 2. Nf3 Nc6 3. Bc4 Bc5 4. O-O Nf6 5. d3 O-O 6. Bg5 h6 7. Bh4 g5 8. Nxg5
hxg5 9. Bxg5 Be7 10. Qf3 Nd4 11. Qd1 d6 12. c3 Ne6 13. f4 Nxf4 14. Bxf4 exf4
15. Rxf4 Be6 16. Nd2 Nh7 17. Qf3 Kh8 18. Qh5 Bg5 19. Bxe6 fxe6 20. Rxf8+ Qxf8
21. Nf3 Be3+ 22. Kh1 Qg7 23. Rf1 Rf8 24. h3 Qg3 25. Nh2 Bf4 26. Ng4 e5 27. d4
Qd3 28. Nh2 Qxe4 0-1

[Event "9eme Open International de La Fere"]
[Site "La Fere (FRA)"]
[Date "2010.07.05"]
[Round "4.29"]
[White "Oziol, Joris"]
[Black "Soveaux, Jean"]
[Result "0-1"]
[WhiteElo "1730"]
[BlackElo "1932"]
[PlyCount "51"]
[EventDate "2010.??.??"]

1. c4 c5 2. Nc3 e6 3. Nf3 Nc6 4. e3 Nf6 5. d4 cxd4 6. exd4 Bb4 7. Qc2 d5 8. Be3
Ne4 9. Bd3 f5 10. a3 Bxc3+ 11. bxc3 O-O 12. O-O Qf6 13. cxd5 exd5 14. c4 Be6
15. Qb3 Na5 16. Qb4 dxc4 17. Bxe4 fxe4 18. Ng5 b6 19. Nxe4 Qg6 20. Ng3 Bd5 21.
Qb1 Qc6 22. f3 Rae8 23. Re1 c3 24. Qb4 c2 25. Bc1 Nb3 26. Ra2 0-1